书目信息 |
| 题名: |
熬通宵也要读完的大宋史
|
|
| 作者: | 覃仕勇 编著 | |
| 分册: | ||
| 出版信息: | 长春 吉林文史出版社 2020.01 |
|
| 页数: | 262页 | |
| 开本: | 24cm | |
| 丛书名: | ||
| 单 册: | ||
| 中图分类: | K244.09 | |
| 科图分类: | ||
| 主题词: | 宋代--song dai--古代史--通俗读物 | |
| 电子资源: | ||
| ISBN: | 978-7-5472-6720-2 | |
| 000 | 00947nam0 2200229 450 | |
| 001 | 2033803129 | |
| 005 | 20201106092334.57 | |
| 010 | @a978-7-5472-6720-2@dCNY48.00 | |
| 100 | @a20200331d2020 em y0chiy50 ea | |
| 101 | 0 | @achi |
| 102 | @aCN@b220000 | |
| 105 | @ay z 000yy | |
| 200 | 1 | @a熬通宵也要读完的大宋史@Aao tong xiao ye yao du wan de da song shi@f覃仕勇编著 |
| 210 | @a长春@c吉林文史出版社@d2020.01 | |
| 215 | @a262页@d24cm | |
| 314 | @a覃仕勇, 广西作协会员。 | |
| 330 | @a与秦、汉、隋、唐、明、清等大一统王朝相比, 宋朝只能算是小一统, 甚至, 南宋连小一统都算不上, 但两宋国祚相加, 长达三百一十九年, 远胜唐、明、清诸朝, 仅次两汉。该书共分九章, 内容包括: 宋初疑云 ; 宋史公案 ; 北宋名臣 ; 衰世乱象 ; 抗金名将 ; 英雄岳飞 ; 宋金争锋 ; 河山半壁 ; 千秋评说。 | |
| 606 | 0 | @a宋代@Asong dai@x古代史@j通俗读物 |
| 690 | @aK244.09@v5 | |
| 701 | 0 | @a覃仕勇@Aqin shi yong@4编著 |
| 801 | 0 | @aCN@b人天书店@c20201024 |
| 905 | @aZUCC@dK244.09@eT089 | |
| 熬通宵也要读完的大宋史/覃仕勇编著.-长春:吉林文史出版社,2020.01 |
| 262页;24cm |
| ISBN 978-7-5472-6720-2:CNY48.00 |
| 与秦、汉、隋、唐、明、清等大一统王朝相比, 宋朝只能算是小一统, 甚至, 南宋连小一统都算不上, 但两宋国祚相加, 长达三百一十九年, 远胜唐、明、清诸朝, 仅次两汉。该书共分九章, 内容包括: 宋初疑云 ; 宋史公案 ; 北宋名臣 ; 衰世乱象 ; 抗金名将 ; 英雄岳飞 ; 宋金争锋 ; 河山半壁 ; 千秋评说。 |
| ● |
| 相关链接 |
|
|
|
正题名:熬通宵也要读完的大宋史
索取号:K244.09/T089
 
预约/预借
| 序号 | 登录号 | 条形码 | 馆藏地/架位号 | 状态 | 备注 |
| 1 | 1481347 | 214813479 | 社科库309/309社科库 34排3列1层/ [索取号:K244.09/T089] | 在馆 | |
| 2 | 1481348 | 214813488 | 社科库309/309社科库 34排3列1层/ [索取号:K244.09/T089] | 在馆 |